Najludniejsze kraje w 2100r - Statystyki

Ogólne statystyki
  • Ten quiz został rozwiązany 408 razy
  • Średni wynik to 13 z 20
Statystyki odpowiedzi
Ludność Kraj % Poprawnych
1 mld Chiny
99%
447 mln Stany Zjednoczone
98%
1,5 mld Indie
97%
190 mln Brazylia
89%
151 mln Meksyk
80%
192 mln Niger
78%
793 mln Nigeria
76%
198 mln Egipt
74%
306 mln Indonezja
73%
378 mln Demokratyczna Republika Konga
66%
351 mln Pakistan
64%
249 mln Etiopia
60%
173 mln Bangladesz
52%
138 mln Sudan
50%
142 mln Kenia
45%
303 mln Tanzania
41%
172 mln Angola
39%
173 mln Filipiny
38%
155 mln Irak
37%
213 mln Uganda
26%
Nie znaleziono quizów pasujących do podanych kryteriów
Rozkład punktacji
Procent ludzi z każdym wynikiem
Percentyl według liczby udzielonych odpowiedzi
Twoja historia wyników
Nie rozwiązałeś tego quizu